000 00718aas a2200181 4500
999 _c50034
_d50034
001 768714001
003 CO-MdFUSB
005 20170902123307.0
008 170902s1995 ag ||||| |||| 00| 0 spa d
022 _a0326-6737
040 _aCO-MdFUSB
_bspa
_cCO-MdFUSB
_dCO-MdFUSB
041 _aspa
100 1 _aAlmada, Samuel E.
_eautor
245 1 0 _aDe la dispersión individualista a la comunidad solidaria. Lectura del cuartopoema del siervo Yavé :
_bun horizonte de lectura popular Isaías 52:13 - 53:12
_c/ Almada, Samuel E.
300 _aVolumen 14. Número 2 (1995), páginas 15-28
_c: 23 cm.
773 0 _tCuadernos de Teología
_049404
_959705
_gVolumen 14. Número 2 (1995), páginas 15-28
_qPágina 15
942 _cANA